000 00290nam a2200097Ia 4500
008 220204s9999 xx 000 0 und d
082 _a31(048.3)(540)
_bSTA;1
245 0 _aStatistical abstract 1992
260 _aNew Delhi
_bMinistry of Planning and Programme implementation
_c1994
942 _cBK
999 _c43743
_d43743